01224nam0a22002651 4500001001100000005001700011021001900028035002600047100004100073101000800114102000700122105001800129200031400147210002800461215003900489225010200528300013200630606004600762701002700808701003700835701002700872801001800899801002200917852001900939rc\431137120250612044541.0 aRUb[65-58852] a(NLR Aleph) 008508515 a20130416d1965 |||y0rusy50 ca0 arus aRU aa z |||||1 aВнедрение комплекса КМ-87 на шахте "Краснолиманская" треста "Красноармейскуголь"fГос. ком. Совета Министров УССР по координации науч.-исслед. работ. Ин-т техн. информации aКиевcБ. и.d1965 a27 с., 3 л. черт.cил.d221 a[Угольная промышленность]fЦБТИ Донецкого совнархоза aНа обороте тит. л. авт.: Г.А. Ревенок, С.П. Фищенко, Е.А. Завгородний и др. aУгольные комбайны2psbo 1aФищенкоbС.П. 1aЗавгороднийbЕ.А. 1aРевенокbГ.А. 0aRUbNLRgpsbo 1aRUbELAR2rusmarc aNLRj65-6/9853